000 00819nam a2200217 i 4500
001 96863
003 ES-MaACL
005 20251017121003.0
007 t|
008 050701s1960 sp ||||1| spa d
100 1 _aManheim, L. A.
_976024
245 1 0 _aGran manual Rollei
_b: todas las posibilidades de las cámaras Rolleiflex y Rolleicord /
_ccon la colaboración de John Gay, Hugo Van Wadenoyen, Baron... ; [traducción de la sexta edición... por Luis Jordá].
260 _aBarcelona :
_bOmega,
_c1960.
300 _a296 p., 19 lám. :
_bil. ;
_c25 cm.
650 0 4 _aCámaras fotográficas.
_910687
650 0 7 _aFotografía
_2embne
_912943
700 0 _aWadenoyen, Hugo van,
_cBarón
_9115811
700 1 _aJordá, Luis.
_966897
852 _aES-MaACL
_jC-19616
_bR.47165
999 _c96863
_d96863